| 000 | nam a22 8a 4500 | ||
|---|---|---|---|
| 999 |
_c217 _d217 |
||
| 003 | AKMAL | ||
| 005 | 20170427084715.0 | ||
| 008 | 170427s2008 my b 000 1 may d | ||
| 020 | _a9789839224313 | ||
| 040 | _aAKMAL | ||
| 082 | 0 | 4 |
_a352.448595 MOH _222 |
| 090 |
_a352.448595 _bMOH |
||
| 100 | 0 |
_aMohamad Saprin, _d1962- _9490 |
|
| 245 | 1 | 0 |
_aLebuh raya perdagangan : _bcabaran dan peranan Kastam Malaysia / _cMohamad Saprin |
| 260 |
_aBukit Baru, Melaka : _bAkademi Kastam Malaysia, _c2008 |
||
| 263 | _a200801 | ||
| 300 |
_a188ms. ; _c21cm. |
||
| 610 | 1 |
_aMalaysia. _bJabatan Kastam dan Eksais Diraja _9190 |
|
| 650 | 1 | 0 |
_aCustoms administration _zMalaysia _9491 |
| 650 | 2 | 0 |
_aPublic administration _zMalaysia _9419 |
| 942 |
_2ddc _cBOOK |
||